[Event "DVM U10 2014"]
[Site "Magdeburg GER"]
[Date "2014.12.28"]
[Round "5"]
[White "Berger, Jan Peter"]
[Black "Bangura, Benjamin"]
[Result "0-1"]
[Termination "normal"]
[Board "18.4"]
[WhiteElo "600"]
[BlackElo "843"]
[WhiteTeam "Lübecker SV von 1873 2"]
[BlackTeam "Braunschweiger SF"]
[PlyCount "84"]
[EventCountry "GER"]
[EventRounds "7"]
[EventType "team-swiss"]
[EventDate "2014.12.27"]

1. e4 e5 2. Nf3 Nc6 3. Bc4 Nf6 4. Ng5 d5 5. exd5 Nxd5 6. Nxf7 Kxf7 7. Qf3+ Ke8
8. Bxd5 Qe7 9. O-O Be6 10. Bxe6 Qxe6 11. Nc3 Nd4 12. Qxb7 Rc8 13. Qxa7 Nxc2 14.
Rb1 Nd4 15. d3 Qg6 16. Qb7 Qxd3 17. Qxc8+ Kf7 18. Bg5 Be7 19. Rbd1 Ne2+ 20.
Nxe2 Qxe2 21. Bxe7 Rxc8 22. Rd7 Ke6 23. Rdd1 Qxb2 24. Bc5 Qxa2 25. Ra1 Qa8 26.
Rxa8 Rxa8 27. h3 Ra5 28. Bb4 Rb5 29. Rb1 c5 30. g3 Rxb4 31. Rc1 c4 32. f4 exf4
33. gxf4 Kf5 34. Kg2 Kxf4 35. Rf1+ Ke3 36. Re1+ Kd2 37. Kf2 c3 38. Re2+ Kd3 39.
Re3+ Kc4 40. Re4+ Kb3 41. Re1 c2 42. Ke2 Kb2 0-1

[Event "DVM U10 2014"]
[Site "Magdeburg GER"]
[Date "2014.12.28"]
[Round "5"]
[White "Voß, Torben"]
[Black "Hegemann, Erik"]
[Result "1-0"]
[Termination "normal"]
[Board "19.1"]
[WhiteElo "1025"]
[BlackElo "1176"]
[WhiteTeam "Schachzwerge Magdeburg 2"]
[BlackTeam "SG Turm Raesfeld/Erle"]
[PlyCount "49"]
[BlackFideId "16234618"]
[EventCountry "GER"]
[EventRounds "7"]
[EventType "team-swiss"]
[EventDate "2014.12.27"]

1. e4 e5 2. Nf3 Nc6 3. d4 exd4 4. Bc4 Bc5 5. c3 dxc3 6. Bxf7+ Kxf7 7. Qd5+ Ke8
8. Qh5+ Kf8 9. Qxc5+ d6 10. Qxc3 Qe7 11. Nbd2 Bg4 12. b3 Nf6 13. Ba3 Nxe4 14.
Qe3 Bf5 15. O-O b5 16. Qf4 g6 17. g4 Nxd2 18. Nxd2 h5 19. Bb2 Qh4 20. Bxh8 Kg8
21. Nf3 Qxg4+ 22. Qxg4 Bxg4 23. Ng5 Kxh8 24. h3 Bf5 25. Rac1 {Partieformulare
nicht weiter lesbar} 1-0

[Event "DVM U10 2014"]
[Site "Magdeburg GER"]
[Date "2014.12.28"]
[Round "5"]
[White "Tünte, Henning"]
[Black "Unger, Matti"]
[Result "1-0"]
[Termination "normal"]
[Board "19.2"]
[WhiteElo "918"]
[BlackElo "892"]
[WhiteTeam "SG Turm Raesfeld/Erle"]
[BlackTeam "Schachzwerge Magdeburg 2"]
[PlyCount "90"]
[EventCountry "GER"]
[EventRounds "7"]
[EventType "team-swiss"]
[EventDate "2014.12.27"]

1. e4 e5 2. Nf3 Nc6 3. Bc4 Bc5 4. Nc3 Nf6 5. d3 h6 6. Be3 Bxe3 7. fxe3 d6 8. h3
O-O 9. Qe2 Nb4 10. a3 Nc6 11. O-O-O Qe8 12. d4 Be6 13. d5 Bd7 14. dxc6 Bxc6 15.
Nd5 Nxe4 16. Nxc7 Qc8 17. Nxa8 Ng3 18. Qf2 Nxh1 19. Rxh1 b5 20. Bb3 Bxa8 21.
Rf1 Qe8 22. Rd1 Qe7 23. Qe2 a6 24. Qd3 Rd8 25. a4 Bc6 26. axb5 Bxb5 27. c4 Bxc4
28. Qxc4 a5 29. Qd5 a4 30. Nxe5 Qe6 31. Qxe6 fxe6 32. Nc4 d5 33. Nb6 g5 34. g4
Kf7 35. e4 Ke7 36. exd5 exd5 37. Nxd5+ Ke6 38. Nf4+ Ke7 39. Rxd8 Kxd8 40. Nd3
Kc7 41. Ne5 Kd6 42. Nf7+ Kc5 43. Nxh6 Kb4 44. Nf7 Kxb3 45. Nxg5 Kb4 1-0

[Event "DVM U10 2014"]
[Site "Magdeburg GER"]
[Date "2014.12.28"]
[Round "5"]
[White "Joppich, Til"]
[Black "Mühl, Sophia"]
[Result "1-0"]
[Termination "normal"]
[Board "19.3"]
[WhiteElo "902"]
[BlackElo "600"]
[WhiteTeam "Schachzwerge Magdeburg 2"]
[BlackTeam "SG Turm Raesfeld/Erle"]
[PlyCount "115"]
[WhiteFideId "16232917"]
[EventCountry "GER"]
[EventRounds "7"]
[EventType "team-swiss"]
[EventDate "2014.12.27"]

1. e4 e5 2. Nf3 Nc6 3. Bc4 Bc5 4. Nc3 Nf6 5. d3 d6 6. Bg5 Be6 7. Bd5 h6 8.
Bxc6+ bxc6 9. Be3 Bg4 10. h3 Bh5 11. g4 Bg6 12. Bxc5 dxc5 13. Nxe5 Qd4 14. Nxc6
Qd7 15. Ne5 Rb8 16. Nxd7 Nxd7 17. b3 O-O 18. h4 Nf6 19. e5 Nd7 20. d4 cxd4 21.
Qxd4 Rbd8 22. Nd5 c6 23. Ne7+ Kh7 24. Nxg6 fxg6 25. Qc4 Nxe5 26. Qe6 Rfe8 27.
Qxe8 Rxe8 28. g5 Nf3+ 29. Kf1 Nd2+ 30. Kg2 h5 31. Rad1 Re2 32. Rhe1 Rxe1 33.
Rxe1 c5 34. f3 a5 35. Rd1 Nxb3 36. axb3 Kg8 37. Re1 Kf7 38. Re5 Kf8 39. Rxc5
Ke7 40. Rxa5 Kd6 41. Ra1 Kc5 42. c3 Kb5 43. Kf2 Kb6 44. Ke3 Kb5 45. Kd4 Kc6 46.
c4 Kb6 47. b4 Kc6 48. Re1 Kc7 49. Re6 Kd7 50. Kd5 Kc7 51. c5 Kd7 52. c6+ Kc7
53. Re7+ Kb6 54. Rb7+ Ka6 55. Rb8 Ka7 56. c7 Ka6 57. c8=Q+ Ka7 58. Qb7# 1-0

[Event "DVM U10 2014"]
[Site "Magdeburg GER"]
[Date "2014.12.28"]
[Round "5"]
[White "Marks, Gerrit Johann"]
[Black "Stackfleth, Jarno"]
[Result "1-0"]
[Termination "normal"]
[Board "19.4"]
[WhiteElo "600"]
[BlackElo "600"]
[WhiteTeam "SG Turm Raesfeld/Erle"]
[BlackTeam "Schachzwerge Magdeburg 2"]
[PlyCount "63"]
[BlackFideId "16252144"]
[EventCountry "GER"]
[EventRounds "7"]
[EventType "team-swiss"]
[EventDate "2014.12.27"]

1. e4 e5 2. Nf3 Nc6 3. Bc4 Bc5 4. d3 Nf6 5. Bg5 O-O 6. O-O d6 7. Nc3 Bg4 8. Nd5
Nxd5 9. Bxd8 Raxd8 10. exd5 Nd4 11. h3 Bxf3 12. gxf3 Nf5 13. Qd2 Ng3 14. Rfe1
Rde8 15. Kh2 Nf5 16. f4 exf4 17. Qxf4 Nh6 18. Rxe8 Rxe8 19. Qh4 Nf5 20. Qg4 Nd4
21. Rg1 g6 22. c3 Nc2 23. Qd7 Kf8 24. d4 Bb6 25. Bb5 c6 26. dxc6 Bd8 27. cxb7
Re2 28. Qxd8+ Re8 29. Qxe8+ Kg7 30. b8=Q a6 31. Qxd6 a5 32. Qef8# 1-0

[Event "DVM U10 2014"]
[Site "Magdeburg GER"]
[Date "2014.12.28"]
[Round "5"]
[White "Fritsch, Lea"]
[Black "Wilhelm, Anna-Lena"]
[Result "1-0"]
[Termination "normal"]
[Board "20.1"]
[WhiteElo "879"]
[BlackElo "864"]
[WhiteTeam "USV Volksbank Halle"]
[BlackTeam "SG Blau-Weiß Stadtilm 2"]
[PlyCount "51"]
[WhiteFideId "16212436"]
[BlackFideId "16230094"]
[EventCountry "GER"]
[EventRounds "7"]
[EventType "team-swiss"]
[EventDate "2014.12.27"]

1. e4 e5 2. Nf3 Nc6 3. Bc4 Bc5 4. d3 h6 5. h3 Nf6 6. O-O d6 7. Nc3 Be6 8. Bxe6
fxe6 9. Be3 Bxe3 10. fxe3 Qd7 11. Qe2 O-O-O 12. d4 Nh5 13. Nd2 Ng3 14. Qg4 Nxf1
15. Rxf1 h5 16. Qe2 Rdg8 17. d5 Nb4 18. Nb5 Kb8 19. Qc4 Na6 20. dxe6 Qe7 21.
Rf7 Qh4 22. Nf3 Qg3 23. Nxc7 Kc8 24. Nxa6+ Kd8 25. Qc7+ Ke8 26. Qd7# 1-0

[Event "DVM U10 2014"]
[Site "Magdeburg GER"]
[Date "2014.12.28"]
[Round "5"]
[White "Rissel, Silas"]
[Black "Möschwitzer, Luis"]
[Result "0-1"]
[Termination "normal"]
[Board "20.3"]
[WhiteElo "1019"]
[BlackElo "798"]
[WhiteTeam "USV Volksbank Halle"]
[BlackTeam "SG Blau-Weiß Stadtilm 2"]
[PlyCount "50"]
[EventCountry "GER"]
[EventRounds "7"]
[EventType "team-swiss"]
[EventDate "2014.12.27"]

1. e4 e5 2. Nf3 Nc6 3. Bc4 Nf6 4. Nc3 Bc5 5. O-O d6 6. d3 h6 7. Nd5 Nxd5 8.
Bxd5 Be6 9. Bxe6 fxe6 10. Qe1 Qd7 11. Be3 Bd4 12. Bxd4 Nxd4 13. Nxd4 exd4 14.
Qb4 O-O-O 15. Qxd4 b6 16. Qc3 Rdg8 17. Qa3 Kb8 18. h3 g5 19. g3 h5 20. Qc3 h4
21. g4 e5 22. b3 Rf8 23. Qd2 Rf3 24. Qxg5 Rxh3 25. Qd2 Qxg4# 0-1

[Event "DVM U10 2014"]
[Site "Magdeburg GER"]
[Date "2014.12.28"]
[Round "5"]
[White "Langer, Paul Georg"]
[Black "Stowicek, Yara Mathilda"]
[Result "0-1"]
[Termination "normal"]
[Board "20.4"]
[WhiteElo "789"]
[BlackElo "845"]
[WhiteTeam "SG Blau-Weiß Stadtilm 2"]
[BlackTeam "USV Volksbank Halle"]
[PlyCount "46"]
[WhiteFideId "16230051"]
[BlackFideId "16203569"]
[EventCountry "GER"]
[EventRounds "7"]
[EventType "team-swiss"]
[EventDate "2014.12.27"]

1. e4 e5 2. Nf3 Nc6 3. Bc4 Nf6 4. Nc3 Bc5 5. d3 d6 6. Be3 Bg4 7. h3 Bh5 8. Bxc5
dxc5 9. g4 Bg6 10. h4 h5 11. g5 Ng4 12. Qd2 Nd4 13. Nxd4 cxd4 14. Ne2 Qd7 15.
f3 Ne3 16. f4 Nxc4 17. dxc4 Bxe4 18. Rg1 O-O-O 19. O-O-O Qa4 20. a3 Qxc4 21.
Kb1 Bd5 22. fxe5 Qa2+ 23. Kc1 Qa1# 0-1

[Event "DVM U10 2014"]
[Site "Magdeburg GER"]
[Date "2014.12.28"]
[Round "5"]
[White "Block, Timo"]
[Black "Tonne, Tobias"]
[Result "1/2-1/2"]
[Termination "normal"]
[Board "21.1"]
[WhiteElo "1065"]
[BlackElo "881"]
[WhiteTeam "SF Bremer Osten"]
[BlackTeam "BSG Grün-Weiß Leipzig 3"]
[PlyCount "41"]
[WhiteFideId "16201116"]
[EventCountry "GER"]
[EventRounds "7"]
[EventType "team-swiss"]
[EventDate "2014.12.27"]

1. e4 e5 2. Nf3 Nc6 3. Bc4 Bc5 4. Nc3 Nf6 5. d3 d6 6. Bg5 h6 7. Bh4 g5 8. Bg3
Bg4 9. h3 Bh5 10. h4 Nd4 11. a3 Rg8 12. hxg5 hxg5 13. Nd5 Nxd5 14. Bxd5 c6 15.
Bxc6+ Nxc6 16. Rxh5 g4 17. Nh2 Rf8 18. Nxg4 Qf6 19. Rf5 Qe7 20. Bh4 Qc7 21. c3
1/2-1/2

[Event "DVM U10 2014"]
[Site "Magdeburg GER"]
[Date "2014.12.28"]
[Round "5"]
[White "Nguyen, Jenny Ha-Linh"]
[Black "Pfluger, Jan"]
[Result "0-1"]
[Termination "normal"]
[Board "21.2"]
[WhiteElo "849"]
[BlackElo "966"]
[WhiteTeam "BSG Grün-Weiß Leipzig 3"]
[BlackTeam "SF Bremer Osten"]
[PlyCount "84"]
[WhiteFideId "16209729"]
[BlackFideId "16218299"]
[EventCountry "GER"]
[EventRounds "7"]
[EventType "team-swiss"]
[EventDate "2014.12.27"]

1. e4 e5 2. Nf3 Nc6 3. Bc4 Bc5 4. Nc3 Nf6 5. d3 h6 6. O-O O-O 7. h3 d6 8. b3
Be6 9. Bxe6 fxe6 10. Bb2 d5 11. exd5 exd5 12. Qd2 Bb4 13. Rfe1 d4 14. Nxe5 Nxe5
15. Rxe5 dxc3 16. Bxc3 Qd6 17. Rae1 Bxc3 18. Qxc3 Qb6 19. Re6 c6 20. R1e5 Nd5
21. Qc4 Qxf2+ 22. Kh1 Qg3 23. Kg1 Rf4 24. Qxf4 Nxf4 25. Re8+ Rxe8 26. Rxe8+ Kh7
27. Kf1 Qxg2+ 28. Ke1 Kg6 29. Kd1 Qf2 30. Kc1 Qd4 31. Kd2 Kg5 32. c3 Qf2+ 33.
Kd1 Kh4 34. Re4 Kg3 35. d4 Qf3+ 36. Kd2 Qxe4 37. a4 Qd3+ 38. Kc1 Ne2+ 39. Kb2
Qxc3+ 40. Ka3 Nxd4 41. Ka2 Qxb3+ 42. Ka1 Nc2# 0-1

[Event "DVM U10 2014"]
[Site "Magdeburg GER"]
[Date "2014.12.28"]
[Round "5"]
[White "Pass, Maurice"]
[Black "Watts, Marius"]
[Result "1-0"]
[Termination "normal"]
[Board "21.3"]
[WhiteElo "600"]
[BlackElo "743"]
[WhiteTeam "SF Bremer Osten"]
[BlackTeam "BSG Grün-Weiß Leipzig 3"]
[PlyCount "49"]
[BlackFideId "12989363"]
[EventCountry "GER"]
[EventRounds "7"]
[EventType "team-swiss"]
[EventDate "2014.12.27"]

1. e4 d5 2. Bb5+ c6 3. Bd3 e5 4. Nf3 f6 5. Nc3 Be6 6. O-O Bd6 7. exd5 cxd5 8.
Bb5+ Bd7 9. Bxd7+ Nxd7 10. Nxd5 Ne7 11. Nxe7 Qxe7 12. d3 O-O 13. Qe1 Bb4 14. c3
Bd6 15. Be3 Rab8 16. c4 a6 17. Qa5 Kf7 18. d4 Bb4 19. Qa4 b5 20. cxb5 axb5 21.
Qb3+ Ke8 22. Bd2 -- 23. Bxb4 Qd8 24. Qe6+ Qe7 25. Qxe7# 1-0

[Event "DVM U10 2014"]
[Site "Magdeburg GER"]
[Date "2014.12.28"]
[Round "5"]
[White "Willberg, Marek"]
[Black "Bakiyev, Diyar"]
[Result "1-0"]
[Termination "normal"]
[Board "21.4"]
[WhiteElo "759"]
[BlackElo "795"]
[WhiteTeam "BSG Grün-Weiß Leipzig 3"]
[BlackTeam "SF Bremer Osten"]
[PlyCount "59"]
[WhiteFideId "16224027"]
[BlackFideId "16230531"]
[EventCountry "GER"]
[EventRounds "7"]
[EventType "team-swiss"]
[EventDate "2014.12.27"]

1. e4 e5 2. Nf3 Nc6 3. Nc3 Nf6 4. Bb5 Bc5 5. d3 Ng4 6. Be3 Bxe3 7. fxe3 a6 8.
Bxc6 dxc6 9. Qe2 Be6 10. O-O-O b5 11. Kb1 b4 12. Na4 O-O 13. h3 Nf6 14. Nc5 Qe7
15. d4 exd4 16. exd4 a5 17. Ne5 a4 18. Nxc6 Qd6 19. Nxb4 c6 20. e5 Qd8 21. exf6
gxf6 22. Qe1 Qd6 23. Rd3 Rab8 24. Rg3+ Kh8 25. Nca6 Rb6 26. Nc5 Rxb4 27. Qxb4
Qd5 28. Qa3 Qxd4 29. Nxe6 fxe6 30. Qxf8# 1-0

[Event "DVM U10 2014"]
[Site "Magdeburg GER"]
[Date "2014.12.28"]
[Round "5"]
[White "Kruse, Kilian"]
[Black "Kassebaum, Elias Konstantin"]
[Result "1-0"]
[Termination "normal"]
[Board "22.1"]
[WhiteElo "1167"]
[BlackElo "895"]
[WhiteTeam "SC Borussia 1920 Friedrichsfelde"]
[BlackTeam "SG Bünde"]
[PlyCount "75"]
[WhiteFideId "16205413"]
[EventCountry "GER"]
[EventRounds "7"]
[EventType "team-swiss"]
[EventDate "2014.12.27"]

1. e4 d6 2. d4 Nf6 3. Nc3 g6 4. Nf3 Bg7 5. Bg5 O-O 6. Bc4 Nxe4 7. Nxe4 d5 8.
Bxd5 Qxd5 9. Qd3 Re8 10. O-O Bg4 11. c4 Qd7 12. Nc5 Qc6 13. Rad1 b6 14. Ne4 Bf5
15. Rfe1 Nd7 16. Nh4 Be6 17. d5 Qb7 18. dxe6 Ne5 19. exf7+ Kxf7 20. Qd5+ Qxd5
21. Rxd5 Nxc4 22. b3 Ne5 23. Bf4 Ng4 24. Ng5+ Kg8 25. Ne6 Nf6 26. Rd3 Rac8 27.
Nxc7 Red8 28. Rxd8+ Rxd8 29. Ne6 Rd3 30. Nxg7 Kxg7 31. f3 h6 32. Rxe7+ Kf8 33.
Nxg6+ Kg8 34. Bxh6 Rd1+ 35. Kf2 Rd2+ 36. Kg3 Nh5+ 37. Kh4 Rd5 38. g4 1-0

[Event "DVM U10 2014"]
[Site "Magdeburg GER"]
[Date "2014.12.28"]
[Round "5"]
[White "Kröger, Tim"]
[Black "Kraft, Adrian"]
[Result "1-0"]
[Termination "normal"]
[Board "22.2"]
[WhiteElo "1076"]
[BlackElo "963"]
[WhiteTeam "SG Bünde"]
[BlackTeam "SC Borussia 1920 Friedrichsfelde"]
[PlyCount "76"]
[WhiteFideId "16241207"]
[BlackFideId "16235010"]
[EventCountry "GER"]
[EventRounds "7"]
[EventType "team-swiss"]
[EventDate "2014.12.27"]

1. d4 d5 2. c4 dxc4 3. e4 b5 4. a4 a6 5. axb5 Bd7 6. Bxc4 f6 7. Nc3 e5 8. dxe5
fxe5 9. Qh5+ g6 10. Qxe5+ Qe7 11. Qxh8 Nf6 12. Bg5 Be6 13. Bxf6 Qd7 14. Bxe6
Qxe6 15. Bg7 Qf7 16. Nd5 Ra7 17. Be5 Rb7 18. bxa6 Ra7 19. Nf3 Nc6 20. Ng5 Qd7
21. Nf6+ Ke7 22. Nxd7 Kxd7 23. Qxf8 Nxe5 24. O-O-O+ Kc6 25. Qe8+ Kb6 26. Qxe5
Rxa6 27. Qe6+ Kb7 28. Qxa6+ Kxa6 29. Rd7 Kb6 30. Nxh7 Kc6 31. Rdd1 Kb6 32. Rd7
c6 33. Rd6 Kb5 34. Nf6 Kb4 35. Rxc6 Kb5 36. Rc7 Kb4 37. Rb7+ Ka4 38. g4 Ka5 1-0

[Event "DVM U10 2014"]
[Site "Magdeburg GER"]
[Date "2014.12.28"]
[Round "5"]
[White "Wick, Jannis"]
[Black "Thiel, Christoph"]
[Result "0-1"]
[Termination "normal"]
[Board "22.4"]
[WhiteElo "600"]
[BlackElo "600"]
[WhiteTeam "SG Bünde"]
[BlackTeam "SC Borussia 1920 Friedrichsfelde"]
[PlyCount "104"]
[EventCountry "GER"]
[EventRounds "7"]
[EventType "team-swiss"]
[EventDate "2014.12.27"]

1. e4 e5 2. Nf3 Nc6 3. Nc3 Bb4 4. a3 Bc5 5. d3 Bd4 6. Nxd4 Nxd4 7. Be2 Nf6 8.
O-O O-O 9. Be3 Nc6 10. h3 d6 11. Qd2 Ne8 12. Nd5 Be6 13. Bg5 Qc8 14. Nf6+ Kh8
15. Bh6 Rg8 16. Nxg8 Kxg8 17. Qg5 Qd8 18. Qg3 Nd4 19. Bg4 Bxg4 20. Qxg4 Nxc2
21. Rac1 Ne3 22. Rfe1 Nxg4 23. hxg4 gxh6 24. Re3 Ng7 25. g5 hxg5 26. Rg3 Rc8
27. Rg4 a5 28. Re1 b5 29. Re3 b4 30. Reg3 bxa3 31. bxa3 c5 32. Rxg5 c4 33. dxc4
Qxg5 34. Rxg5 Rxc4 35. f3 Rc1+ 36. Kf2 Ra1 37. Ke2 Rxa3 38. Kd2 Rb3 39. Kc2 a4
40. Rg4 Re3 41. Kd2 Rb3 42. Kc2 Rb8 43. Rh4 a3 44. Rh1 a2 45. g4 Ra8 46. Kb2
Rb8+ 47. Kc2 Ne6 48. Rg1 Nf4 49. Ra1 Rc8+ 50. Kb3 Rb8+ 51. Kxa2 Ne6 52. Rb1 Rc8
0-1

[Event "DVM U10 2014"]
[Site "Magdeburg GER"]
[Date "2014.12.28"]
[Round "5"]
[White "Karl, Simon"]
[Black "Henseler, Daniel"]
[Result "1-0"]
[Termination "normal"]
[Board "23.1"]
[WhiteElo "1191"]
[BlackElo "600"]
[WhiteTeam "SK Langen"]
[BlackTeam "SK Neumarkt"]
[PlyCount "87"]
[WhiteFideId "16217985"]
[EventCountry "GER"]
[EventRounds "7"]
[EventType "team-swiss"]
[EventDate "2014.12.27"]

1. d4 e6 2. c4 Bb4+ 3. Nc3 Bxc3+ 4. bxc3 d5 5. e3 Nf6 6. Nf3 O-O 7. Qb3 Nc6 8.
Ba3 Re8 9. cxd5 exd5 10. Bb5 Bd7 11. Ba4 Rb8 12. O-O Na5 13. Qc2 Bxa4 14. Qxa4
Nc4 15. Qxa7 Ne4 16. Qa4 Nxc3 17. Qb4 Nxa3 18. Qxa3 Nb5 19. Qb3 c6 20. Rfb1 Nd6
21. Rb2 Nf5 22. Rab1 h6 23. Qc2 Nh4 24. Nxh4 Qxh4 25. Rxb7 Rxb7 26. Rxb7 Rf8
27. Qxc6 Qg4 28. h3 Qd1+ 29. Kh2 Qd2 30. Qxd5 Qxf2 31. Qf3 Qxa2 32. d5 Qa6 33.
Rc7 Qd6+ 34. Qf4 Qxd5 35. e4 Qa5 36. Rd7 Qb5 37. Rd5 Qb8 38. e5 f6 39. Qc4 fxe5
40. Rb5+ Kh7 41. Rxb8 Rxb8 42. Qe4+ Kh8 43. Qxe5 Kg8 44. Qxb8+ 1-0

[Event "DVM U10 2014"]
[Site "Magdeburg GER"]
[Date "2014.12.28"]
[Round "5"]
[White "Kraus, Jakob"]
[Black "Riegel, Simon"]
[Result "0-1"]
[Termination "normal"]
[Board "23.2"]
[WhiteElo "600"]
[BlackElo "952"]
[WhiteTeam "SK Neumarkt"]
[BlackTeam "SK Langen"]
[PlyCount "78"]
[BlackFideId "34628410"]
[EventCountry "GER"]
[EventRounds "7"]
[EventType "team-swiss"]
[EventDate "2014.12.27"]

1. e4 e5 2. Bc4 Nf6 3. Nf3 Bc5 4. O-O O-O 5. d3 Nc6 6. Bg5 d6 7. d4 exd4 8. c3
h6 9. cxd4 hxg5 10. dxc5 dxc5 11. Qxd8 Nxd8 12. Nxg5 Re8 13. Bxf7+ Nxf7 14.
Nxf7 Kxf7 15. Re1 Rxe4 16. Rxe4 Nxe4 17. f3 Ng5 18. f4 Ne6 19. f5 Nd4 20. Nc3
Bxf5 21. Nd5 c6 22. Nc7 Rc8 23. h3 Rxc7 24. g4 Bg6 25. Rf1+ Ke6 26. h4 Rf7 27.
h5 Rxf1+ 28. Kxf1 Be8 29. g5 Bxh5 30. b3 g6 31. a3 Nf3 32. b4 Ne1 33. Kxe1 cxb4
34. axb4 Kd5 35. b5 a5 36. bxa6 bxa6 37. Kf2 Kd4 38. Kg3 a5 39. Kf4 a4 0-1

[Event "DVM U10 2014"]
[Site "Magdeburg GER"]
[Date "2014.12.28"]
[Round "5"]
[White "Reinecke, Alexander"]
[Black "Burger, Radena"]
[Result "1-0"]
[Termination "normal"]
[Board "23.3"]
[WhiteElo "951"]
[BlackElo "775"]
[WhiteTeam "SK Langen"]
[BlackTeam "SK Neumarkt"]
[PlyCount "69"]
[WhiteFideId "12991570"]
[BlackFideId "16217241"]
[EventCountry "GER"]
[EventRounds "7"]
[EventType "team-swiss"]
[EventDate "2014.12.27"]

1. e4 e5 2. Nf3 Nc6 3. Bc4 Nf6 4. Ng5 Qe7 5. O-O Ng4 6. Qxg4 a6 7. Nxf7 Rg8 8.
Qh5 g6 9. Qxh7 Rg7 10. Qh6 Rg8 11. Qe3 d5 12. Bxd5 Nb4 13. Nd6+ cxd6 14. Bxg8
Nxc2 15. Qb3 Nd4 16. Qd3 b6 17. Nc3 Bh6 18. Nd5 Qd8 19. Ne3 Bf4 20. Bd5 Qh4 21.
g3 Nf3+ 22. Kg2 Nxh2 23. gxh4 Bd7 24. Bxa8 g5 25. Qxd6 gxh4 26. Qg6+ Kd8 27.
Qg8+ Be8 28. Rh1 b5 29. Rxh2 Bxh2 30. Kxh2 h3 31. Bc6 Ke7 32. Qxe8+ Kf6 33.
Ng4+ Kg5 34. Kg3 h2 35. d3# 1-0

[Event "DVM U10 2014"]
[Site "Magdeburg GER"]
[Date "2014.12.28"]
[Round "5"]
[White "Tabarelli, Tom"]
[Black "Schlie, Johann"]
[Result "1-0"]
[Termination "normal"]
[Board "24.1"]
[WhiteElo "760"]
[BlackElo "890"]
[WhiteTeam "SF Hettstedt"]
[BlackTeam "Hagener SV 2"]
[PlyCount "29"]
[BlackFideId "16211596"]
[EventCountry "GER"]
[EventRounds "7"]
[EventType "team-swiss"]
[EventDate "2014.12.27"]

1. e4 e5 2. Nf3 Nc6 3. Bc4 Bc5 4. d3 d6 5. Ng5 Nh6 6. Nc3 f6 7. Nf3 f5 8. Bxh6
gxh6 9. exf5 Bxf5 10. Nh4 Qd7 11. Qh5+ Bg6 12. Nxg6 O-O-O 13. Nxh8 Rxh8 14.
Qxh6 Qf5 15. Be6+ 1-0

[Event "DVM U10 2014"]
[Site "Magdeburg GER"]
[Date "2014.12.28"]
[Round "5"]
[White "Brunner, Alexander"]
[Black "Lehmann, Taylor"]
[Result "0-1"]
[Termination "normal"]
[Board "24.2"]
[WhiteElo "911"]
[BlackElo "786"]
[WhiteTeam "Hagener SV 2"]
[BlackTeam "SF Hettstedt"]
[PlyCount "42"]
[WhiteFideId "12965278"]
[BlackFideId "16240642"]
[EventCountry "GER"]
[EventRounds "7"]
[EventType "team-swiss"]
[EventDate "2014.12.27"]

1. e4 e5 2. d4 d6 3. dxe5 f6 4. exd6 cxd6 5. Nf3 Bg4 6. Nc3 Nc6 7. Bc4 f5 8.
Bf4 Nf6 9. Qd5 Nxd5 10. Bxd5 Nb4 11. Bb3 fxe4 12. Nxe4 d5 13. O-O-O Qe7 14. Nc3
O-O-O 15. Rhe1 Qf7 16. Ne4 Qxf4+ 17. Re3 dxe4 18. Rxd8+ Kxd8 19. Nd4 Qxf2 20.
a3 Qxe3+ 21. Kb1 Qe1# 0-1

[Event "DVM U10 2014"]
[Site "Magdeburg GER"]
[Date "2014.12.28"]
[Round "5"]
[White "Isensee, Lennart"]
[Black "Mayland, Jannis"]
[Result "1-0"]
[Termination "normal"]
[Board "24.3"]
[WhiteElo "800"]
[BlackElo "817"]
[WhiteTeam "SF Hettstedt"]
[BlackTeam "Hagener SV 2"]
[PlyCount "25"]
[BlackFideId "16204824"]
[EventCountry "GER"]
[EventRounds "7"]
[EventType "team-swiss"]
[EventDate "2014.12.27"]

1. d4 d5 2. c4 Nf6 3. cxd5 Nxd5 4. Nf3 Bg4 5. e4 Nf6 6. Nc3 Nc6 7. Qd3 e6 8.
Be2 Bb4 9. O-O O-O 10. Bf4 Qd7 11. e5 Nd5 12. Ng5 Nxf4 13. Qxh7# 1-0

[Event "DVM U10 2014"]
[Site "Magdeburg GER"]
[Date "2014.12.28"]
[Round "5"]
[White "Ho, Ngoc Hai-Dang"]
[Black "Nguyen, Frank"]
[Result "1-0"]
[Termination "normal"]
[Board "25.1"]
[WhiteElo "974"]
[BlackElo "600"]
[WhiteTeam "Schachunion Berlin 2"]
[BlackTeam "SK Blauer Springer Paderborn 2"]
[PlyCount "65"]
[WhiteFideId "16206509"]
[EventCountry "GER"]
[EventRounds "7"]
[EventType "team-swiss"]
[EventDate "2014.12.27"]

1. d4 d5 2. c4 dxc4 3. e4 Nf6 4. Nc3 Bg4 5. f3 Bh5 6. Bxc4 Nc6 7. Nge2 g5 8.
Bxg5 Rg8 9. Bxf6 exf6 10. Nf4 Bg6 11. Qe2 Qe7 12. O-O-O O-O-O 13. d5 Na5 14. a3
Nxc4 15. Qxc4 Qd6 16. Nfe2 f5 17. Rd2 fxe4 18. fxe4 Be7 19. Rhd1 Bg5 20. Nb5
Qc6 21. Nxa7+ Kd7 22. dxc6+ Ke8 23. cxb7 Bxd2+ 24. Rxd2 Rb8 25. Qxc7 Kf8 26.
Qxb8+ Kg7 27. Qxg8+ Kxg8 28. b8=Q+ Kg7 29. Qe5+ f6 30. Rd7+ Bf7 31. Qg3+ Kf8
32. Rd8+ Ke7 33. Qd6# 1-0

[Event "DVM U10 2014"]
[Site "Magdeburg GER"]
[Date "2014.12.28"]
[Round "5"]
[White "Rust, Emily"]
[Black "Landgraf, Arthur"]
[Result "1/2-1/2"]
[Termination "normal"]
[Board "25.2"]
[WhiteElo "969"]
[BlackElo "797"]
[WhiteTeam "SK Blauer Springer Paderborn 2"]
[BlackTeam "Schachunion Berlin 2"]
[PlyCount "32"]
[WhiteFideId "16211499"]
[EventCountry "GER"]
[EventRounds "7"]
[EventType "team-swiss"]
[EventDate "2014.12.27"]

1. d4 Nf6 2. Nf3 d5 3. Bf4 c5 4. e3 Bg4 5. h3 Bxf3 6. Qxf3 g6 7. c4 cxd4 8.
exd4 dxc4 9. Qxb7 Nbd7 10. Bxc4 Qb8 11. Bxb8 Rxb8 12. Qxa7 Bg7 13. Nc3 O-O 14.
O-O-O Rb6 15. Nd5 Nxd5 16. Bxd5 Bf6 {nicht mehr nachvollziehbar} 1/2-1/2

[Event "DVM U10 2014"]
[Site "Magdeburg GER"]
[Date "2014.12.28"]
[Round "5"]
[White "Brinkschröder, Josh"]
[Black "Schröder, Tim"]
[Result "1-0"]
[Termination "normal"]
[Board "25.4"]
[WhiteElo "779"]
[BlackElo "600"]
[WhiteTeam "SK Blauer Springer Paderborn 2"]
[BlackTeam "Schachunion Berlin 2"]
[PlyCount "23"]
[WhiteFideId "16274903"]
[EventCountry "GER"]
[EventRounds "7"]
[EventType "team-swiss"]
[EventDate "2014.12.27"]

1. d4 d5 2. Nf3 e6 3. Bf4 Bb4+ 4. c3 Bd6 5. Bg3 Nf6 6. e3 O-O 7. Qd3 e5 8. Ng5
Bd7 9. dxe5 Bxe5 10. Bxe5 h6 11. Bxf6 gxf6 12. Qh7# 1-0

[Event "DVM U10 2014"]
[Site "Magdeburg GER"]
[Date "2014.12.28"]
[Round "5"]
[White "Hildebrandt, Colin"]
[Black "Meurer, Calvin"]
[Result "1-0"]
[Termination "normal"]
[Board "26.1"]
[WhiteElo "600"]
[BlackElo "946"]
[WhiteTeam "Hamburger SK 3"]
[BlackTeam "SV Roter Turm Halle 2"]
[PlyCount "57"]
[EventCountry "GER"]
[EventRounds "7"]
[EventType "team-swiss"]
[EventDate "2014.12.27"]

1. d4 d5 2. c4 Nf6 3. Nc3 Nc6 4. Bg5 e6 5. e3 Bb4 6. Nf3 O-O 7. Ne5 h6 8. Bh4
Be7 9. Be2 Nxe5 10. dxe5 Nd7 11. Bxe7 Qxe7 12. O-O Nxe5 13. cxd5 Rd8 14. Qb3
Qh4 15. dxe6 Bxe6 16. g3 Bxb3 17. gxh4 Ng6 18. axb3 Nxh4 19. Rfd1 c6 20. Rxd8+
Rxd8 21. Rxa7 Rd2 22. Rxb7 Rxb2 23. Bh5 Rxb3 24. Rxb3 f6 25. Rb6 Nf5 26. Rxc6
Ne7 27. Re6 Nf5 28. Bg6 Nh4 29. Re8# 1-0